Estrategias productivas y resultados económicos en la horticultura marplatense entre 1993-2012 (Registro nro. 22879)

Detalles MARC
000 -LEADER
fixed length control field 00485 a2200145 4500
001 - CONTROL NUMBER
control field ART_46578
005 - DATE AND TIME OF LATEST TRANSACTION
control field 20260410161827.0
008 - FIXED-LENGTH DATA ELEMENTS--GENERAL INFORMATION
fixed length control field 260409a
100 1# - MAIN ENTRY--PERSONAL NAME
Personal name Roveretti, Mariano
245 10 - TITLE STATEMENT
Title Estrategias productivas y resultados económicos en la horticultura marplatense entre 1993-2012
700 1# - ADDED ENTRY--PERSONAL NAME
Personal name Atucha, Ana Julia
700 1# - ADDED ENTRY--PERSONAL NAME
Personal name Lacaze, María Victoria
700 1# - ADDED ENTRY--PERSONAL NAME
Personal name Fulponi, Juan Ignacio
773 0# - HOST ITEM ENTRY
Title FACES
Related parts - Año 22, Nº 46 (ene./jun. 2016)
Record control number REV5046

No hay ítems disponibles.